000 00263nam a22000977a 4500
999 _c11726
_d11726
008 200113b ||||| |||| 00| 0 eng d
020 _a9780836874938
100 _aHall Kristen
_97415
245 _aAnimal Sight
260 _aMilwaukee
_bGareth Stevens Publications
_c2006